মোহাম্মদ মতিওর রহমান: (Record no. 31511)

MARC details
000 -LEADER
fixed length control field 00944nam a22002297a 4500
003 - CONTROL NUMBER IDENTIFIER
control field BDDh-ASL
005 - DATE AND TIME OF LATEST TRANSACTION
control field 20231016062621.0
008 - FIXED-LENGTH DATA ELEMENTS--GENERAL INFORMATION
fixed length control field 211002s1997 b ||||| |||| 00| 0 b d
040 ## - CATALOGING SOURCE
Transcribing agency BDDh-ASL
041 ## - LANGUAGE CODE
Language code of text/sound track or separate title bengali
082 ## - DEWEY DECIMAL CLASSIFICATION NUMBER
Classification number 923.71
Item number RAM
100 1# - MAIN ENTRY--PERSONAL NAME
Personal name রহমান, মনজুরুর
9 (RLIN) 1703
245 10 - TITLE STATEMENT
Title মোহাম্মদ মতিওর রহমান:
Remainder of title ১৮৯২-১৯৬৫ /
246 ## - VARYING FORM OF TITLE
Title proper/short title Mohammad Motior Rahman: 1892-1965.
260 ## - PUBLICATION, DISTRIBUTION, ETC.
Place of publication, distribution, etc. ঢাকা:
Name of publisher, distributor, etc. বাংলা একাডেমি,
Date of publication, distribution, etc. ১৯৯৭।
300 ## - PHYSICAL DESCRIPTION
Extent ১১২ পৃষ্ঠা, :
Dimensions ২২ সে. মি.
440 ## - SERIES STATEMENT/ADDED ENTRY--TITLE
9 (RLIN) 4723
Title জীবনী গ্রন্থমালা
504 ## - BIBLIOGRAPHY, ETC. NOTE
Bibliography, etc. note গ্রন্থপঞ্জি সংযুক্ত ।
600 10 - SUBJECT ADDED ENTRY--PERSONAL NAME
Personal name রহমান, মোহাম্মদ মতিওর
9 (RLIN) 5569
650 #0 - SUBJECT ADDED ENTRY--TOPICAL TERM
Topical term or geographic name entry element biographical dictionary - চরিতাভিধান
9 (RLIN) 4665
942 ## - ADDED ENTRY ELEMENTS (KOHA)
Source of classification or shelving scheme Dewey Decimal Classification
Koha item type Books
Holdings
Withdrawn status Lost status Source of classification or shelving scheme Damaged status Not for loan Collection code Home library Current library Shelving location Date acquired Source of acquisition Total Checkouts Full call number Barcode Date last seen Copy number Price effective from Koha item type Public note
    Dewey Decimal Classification     Non-fiction Asiatic Society Library Asiatic Society Library General Stacks 03/30/2023 Complimentary   923.71 RAM 120195 03/30/2023 C-1 03/30/2023 Books Y-1997

Powered by Koha